000 00716cam a2200217 4500
001 WB3609-09
008 000000n2000 000 0 eng u
035 _a(Sirsi) u104527
245 _aPromising year ahead
260 _c2000
490 _aWestern Morning News
_v24 February 2000, 2.4(1)
520 _aAgents in Devon predict a bumper year for the industrial market. Prime rents are currently at £54 psm and prospects for speculative developments are good.
590 _aWB
650 _aDEVON
650 _aEXETER
650 _aINDUSTRIAL MARKET
650 _aINDUSTRIAL DEVELOPMENT
650 _aINDUSTRIAL RENTS
690 _aPROPERTY-COMMERCIAL PROPERTY-COMMERCIAL PROPERTY MARKET
942 _n0
999 _c62715
_d62715